Controllingový prístup k riadeniu nákladov vo firme

Salvato in:
Dettagli Bibliografici
Autore principale: Serina, Pavol
Natura: Capitolo di libro
Lingua:slovacco
Tags: Aggiungi Tag
Nessun Tag, puoi essere il primo ad aggiungerne!!

MARC

LEADER 00000nla$a2200000$$$4500
001 0060547
005 20240502083144.1
041 0 |a slo 
044 |a CZ 
245 1 0 |a Controllingový prístup k riadeniu nákladov vo firme  |c Pavol Serina 
100 1 |a Serina, Pavol